Die Grundbotschaft des Alten Testaments: Ein theologischer Durchblick.
Na minha lista:
| Autor principal: | |
|---|---|
| Formato: | Livro |
| Idioma: | alemão |
| Publicado em: |
Freiburg im Breisgau, Deutschland:
Herder,
1972.
|
| Edição: | Vierte Auflage |
| Colecção: | Theologisches seminar
|
| Assuntos: | |
| Tags: |
Adicionar Tag
Sem tags, seja o primeiro a adicionar uma tag!
|
MARC
| LEADER | 00000cam a2200000 a 4500 | ||
|---|---|---|---|
| 001 | UCE8190 | ||
| 003 | CL-VaPUC | ||
| 005 | 20250509152702.0 | ||
| 008 | 150728t19720000gw |||||||||||||||||ger|d | ||
| 999 | |c 449295 |d 449293 | ||
| 020 | |a 3-451-16425-6 | ||
| 040 | |c Pontificia Universidad Católica de Valparaíso | ||
| 082 | 0 | 4 | |a 221 DEI 1972 |2 22 |
| 100 | 0 | |a Deissler, Alfons |e autor |9 580924 | |
| 245 | 1 | 4 | |a Die Grundbotschaft des Alten Testaments: |b Ein theologischer Durchblick. |
| 250 | |a Vierte Auflage | ||
| 260 | |a Freiburg im Breisgau, Deutschland: |b Herder, |c 1972. | ||
| 300 | |a 165 páginas. | ||
| 490 | |a Theologisches seminar | ||
| 500 | |a c.1. Donación libros de R. P Dieter Gustavo Felten (Q.E.P.D) octubre 2024. | ||
| 546 | |a Libro en alemán. | ||
| 583 | |a last modification |c 20151126 09:09:20 |k Gabriela Rodríguez Cuevas | ||
| 650 | 0 | |a Biblia |9 894782 |x Antiguo testamento |x Crítica e interpretación | |
| 650 | 0 | |a Teología cristiana |9 308336 | |
| 942 | |c BK |2 ddc | ||
| 945 | |d 20150728 02:04:00 |a gsalatino | ||
| 952 | |0 0 |1 0 |2 ddc |4 0 |6 221_000000000000000_DEI_1972 |7 0 |8 A |9 602905 |a BIBTEO |b BIBTEO |d 2025-05-06 |e Donación |i 5667291 |o 221 DEI 1972 |p 5667291 |r 2025-05-06 |t 1 |w 2025-05-06 |y BK |k ICR | ||